Life science / (Record no. 779487)

MARC details
000 -LEADER
fixed length control field 00534nam a22001937a 4500
003 - CONTROL NUMBER IDENTIFIER
control field 3228
005 - DATE AND TIME OF LATEST TRANSACTION
control field 20250709144727.0
008 - FIXED-LENGTH DATA ELEMENTS--GENERAL INFORMATION
fixed length control field 250709b sa ||||| |||| 00| 0 eng d
020 ## - INTERNATIONAL STANDARD BOOK NUMBER
International Standard Book Number 9781781213575
Qualifying information hardback
040 ## - CATALOGING SOURCE
Language of cataloging English
Transcribing agency 3228
Description conventions Resource Description and Access
041 ## - LANGUAGE CODE
Language code of text/sound track or separate title English
082 ## - DEWEY DECIMAL CLASSIFICATION NUMBER
Classification number 570 JOHN
100 ## - MAIN ENTRY--PERSONAL NAME
Personal name Johnson, Rose
9 (RLIN) 195059
245 ## - TITLE STATEMENT
Title Life science /
260 ## - PUBLICATION, DISTRIBUTION, ETC.
Place of publication, distribution, etc. Brown Bear,
Name of publisher, distributor, etc. London,
Date of publication, distribution, etc. 2016
300 ## - PHYSICAL DESCRIPTION
Extent 48 pages :
Other physical details color illustrations ;
Dimensions 25 cm
500 ## - GENERAL NOTE
General note "Ideas that changed the world"--Cover
942 ## - ADDED ENTRY ELEMENTS
Source of classification or shelving scheme Dewey Decimal Classification
item type Book
-- 5815
-- Pontsho Maoko
-- 5815
-- Pontsho Maoko
Holdings
Withdrawn status Lost status Source of classification or shelving scheme Damaged status Not for loan Collection code Home library Current library Shelving location Date acquired Total Checkouts Full call number Barcode Date due Date last seen Date last checked out Price effective from item type
    Dewey Decimal Classification     500: Science KWAMHLANGA REGIONAL LIBRARY LIBANGENI Non Fiction 05.12.2025   J 570 JOHN 33228031090482   05.12.2025   05.12.2025 Book
    Dewey Decimal Classification     500: Science KWAMHLANGA REGIONAL LIBRARY MAPHOTLA Non Fiction 06.11.2025   J 570 JOHN 33228031090943   06.11.2025   06.11.2025 Book
    Dewey Decimal Classification     500: Science KWAMHLANGA REGIONAL LIBRARY PHUMULA Non Fiction 05.08.2025   570 JOHN 33228031084696   05.08.2025   05.08.2025 Book
    Dewey Decimal Classification     500: Science KWAMHLANGA REGIONAL LIBRARY SIYABUSWA General Stacks 09.07.2025 8 570 JOHN 33228031085657 15.07.2026 25.06.2026 25.06.2026 09.07.2025 Book